书目信息 |
| 题名: |
胎儿及婴儿病理学
|
|
| 作者: | 波特 , Potter , Craig , 克雷格 著 ;北京第二医学院病理解剖学教研组 , 中国医学科学院首都医院病理科 译 | |
| 分册: | 上册 | |
| 出版信息: | 北京 人民卫生出版社 1982 |
|
| 页数: | 2册 | |
| 开本: | 25cm | |
| 丛书名: | ||
| 单 册: | ||
| 中图分类: | R714.502 | |
| 科图分类: | ||
| 主题词: | 病理学-胎儿 , 婴儿-病理学 , 病理学-婴儿 , 胎儿-病理学 , 产科学 | |
| 电子资源: | ||
| ISBN: | ||
| 000 | 01258nam0 2200361 45 | |
| 001 | 0182009958 | |
| 005 | 20060804144708.78 | |
| 010 | @dCNY11.85 | |
| 091 | @a14048.3940 | |
| 100 | @a19950626d1982 em y0chiy0121 ea | |
| 101 | 1 | @achi@ceng |
| 102 | @aCN@b110000 | |
| 105 | @ay z 000yy | |
| 200 | 10 | @a胎儿及婴儿病理学@Atai er ji ying er bing li xue@f(美)波特(E.L. Potter),克雷格(J.M. Craig)著@h上册@g北京第二医学院病理解剖学教研组,中国医学科学院首都医院病理科译 |
| 210 | @a北京@c人民卫生出版社@d1982 | |
| 215 | @a2册@d25cm | |
| 300 | @a书名原文:Pathology of the Fetus and the Infant | |
| 510 | 1 | @aPathology of the Fetus and the Infant@zeng |
| 606 | @a病理学-胎儿 | |
| 606 | @a婴儿-病理学 | |
| 606 | @a病理学-婴儿 | |
| 606 | @a胎儿-病理学 | |
| 606 | 0 | @a产科学 |
| 690 | @aR714.502@v3 | |
| 701 | 1 | @a波特@Abo te@bE.L.@4著 |
| 701 | A1 | @aPotter@bE.L.@4著 |
| 701 | A1 | @aCraig@bJ.M.@4著 |
| 701 | 1 | @a克雷格@Ake lei ge@bJ.M.@4著 |
| 712 | 02 | @a北京第二医学院病理解剖学教研组@Abei jing di er yi xue yuan bing li jie pou xue jiao yan zu@4译 |
| 712 | 02 | @a中国医学科学院首都医院病理科@Azhong guo yi xue ke xue yuan shou du yi yuan bing li ke@4译 |
| 801 | 2 | @aCN@bNLC@c20060804 |
| 801 | 0 | @aCN@bTSSF |
| 905 | @a10447@dR714.502@e16:1 | |
| 胎儿及婴儿病理学/(美)波特(E.L. Potter),克雷格(J.M. Craig)著.上册/北京第二医学院病理解剖学教研组,中国医学科学院首都医院病理科译.-北京:人民卫生出版社,1982 |
| 2册;25cm |
| 书名原文:Pathology of the Fetus and the Infant |
| ISBN :CNY11.85 |
| ● |
| 相关链接 |
|
|
|
|
正题名:胎儿及婴儿病理学
索取号:R714.502/16:1
 
预约/预借
| 序号 | 登录号 | 条形码 | 馆藏地/架位号 | 状态 | 备注 |
| 1 | 0439745 | 204397456 | 密集书库/ [索取号:R714.502/16:1] | 在馆 | |
| 2 | 0439746 | 204397465 | 密集书库/ [索取号:R714.502/16:1] | 在馆 |